Finish The Quote - CW's Arrow (season 4) Quiz Stats

 Plays Quiz not verified by Sporcle

Score 0/25 Timer 10:00
2 Plays Today
% Correct
Team Arrow. The original gangsters.
87.5%
There were movies?
86.7%
I bought his truck.
86.2%
It's not gambling when I play.
85.8%
This is what happens when the bad guys name themselves.
85.3%
How romantic.
84.2%
You have to kill the son of a bitch.
83.4%
Predictability is your flaw too. Every time my life starts to suck, you show up.
80.7%
You're a queen.
78.1%
That's a damn good question.
77%
That's his superpower. Guilt Arrow
74.6%
And mine.
74.4%
I'm sorry but when it rains, I can still feel where you shot me with those arrows.
74%
% Correct
Nobody needs to hear that Oliver.
74%
Yeah well I guess we're both full of surprises Andy.
70.9%
Why bother? I'm gonna bring it to us.
69.4%
You sound like you're talking from some personal experience.
68.7%
Shocker. Sorry.
65.9%
That was a good speech.
65.6%
I don't think so. Phil Collins said they'd never tour again.
65%
My brother needed me. The green one.
61.1%
Took the words right out of my mouth.
60.6%
They were meta human tattoo playing cards.
50.1%
Which is Oliver speak for beating yourself up.
46.4%
You're just one illegitimate child away from a really awesome Oliver Queen impersonation.
45.3%

You're not logged in!

Compare scores with friends on all Sporcle quizzes.
OR
Log In

You Might Also Like...

Show Comments

Extras

Top Quizzes Today


Score Distribution

Your Account Isn't Verified!

In order to create a playlist on Sporcle, you need to verify the email address you used during registration. Go to your Sporcle Settings to finish the process.

Report this User

Report this user for behavior that violates our Community Guidelines.

Details: